[Event "Prague op"]
[Site "Prague"]
[Date "2020.02.15"]
[Round "2"]
[White "Ivanov, Igor"]
[Black "Hoang, Thanh Trang"]
[Result "0-1"]
[WhiteElo "2172"]
[BlackElo "2424"]
[PlyCount "112"]
[EventDate "2020.02.14"]
[EventType "swiss"]
[EventRounds "9"]
[EventCountry "CZE"]
[SourceTitle "CBM 195 Extra"]
[Source "ChessBase"]
[SourceDate "2020.05.31"]
[SourceVersion "1"]
[SourceVersionDate "2020.05.31"]
[SourceQuality "1"]

1. c4 f5 2. g3 Nf6 3. Bg2 e5 4. Nc3 d6 5. d3 g6 6. Nh3 Bg7 7. 0-0 Nc6 8. f4 0-0 9. Rb1 h6 10. b4 Ng4 11. Nd5 Nd4 12. e3 Ne6 13. b5 Bd7 14. Nb4 Rb8 15. a4 exf4 16. Nxf4 Nxf4 17. Rxf4 Re8 18. Nc2 Kh7 19. e4 Qc8 20. h3 Ne5 21. Ne3 fxe4 22. Bxe4 Kh8 23. h4 Be6 24. Bb2 c6 25. Kh2 Qd7 26. Qc2 d5 27. Bg2 Rbd8 28. d4 g5 29. hxg5 hxg5 30. Rf2 Ng4+ 31. Nxg4 Bxg4 32. Rh1 Kg8 33. Qg6 Rf8 34. Rxf8+ Rxf8 35. cxd5 cxb5 36. Re1 bxa4 37. Ba3 Qf5 38. Qe6+ Rf7 39. Qe8+ Bf8 40. d6 Qh7+ 41. Kg1 Qd3 42. Qe5 Bg7 43. Qxg5 Qxg3 44. Re3 Qf2+ 45. Kh1 Bd7 46. Bd5 Qf1+ 47. Kh2 Qf2+ 48. Kh1 Bc6 49. d7 Bxd5+ 50. Qxd5 Qh4+ 51. Kg2 Qg4+ 52. Rg3 Qxd7 53. Bd6 Qf5 54. Be5 Kh7 55. Qd8 Qf1+ 56. Kh2 Rf2+ 0-1

[Event "Paracin Winter op"]
[Site "Paracin"]
[Date "2019.02.05"]
[Round "8"]
[White "Ivanov, Igor"]
[Black "Radojkovic, Stefan"]
[Result "0-1"]
[WhiteElo "1851"]
[BlackElo "2022"]
[PlyCount "74"]
[EventDate "2019.01.31"]
[EventType "swiss"]
[EventRounds "9"]
[EventCountry "SRB"]
[SourceTitle "CBM 188 Extra"]
[Source "ChessBase"]
[SourceDate "2019.02.26"]
[SourceVersion "1"]
[SourceVersionDate "2019.02.26"]
[SourceQuality "1"]

1. c4 e5 2. Nc3 Nc6 3. g3 d6 4. Bg2 g6 5. e3 Bg7 6. Nge2 Be6 7. Nd5 Nf6 8. Nec3 0-0 9. 0-0 a6 10. Nxf6+ Bxf6 11. Nd5 Bg7 12. Rb1 Rb8 13. Qa4 Ne7 14. d3 c6 15. Nxe7+ Qxe7 16. Bd2 Rfd8 17. Ba5 Rd7 18. Qc2 d5 19. b3 f5 20. f4 exf4 21. gxf4 dxc4 22. bxc4 Qa3 23. Be1 Qxd3 24. Qxd3 Rxd3 25. Bxc6 Bxc4 26. Bxb7 Kh8 27. Bf2 Bxa2 28. Rb6 a5 29. e4 fxe4 30. Bxe4 Rxb6 31. Bxb6 Bd4+ 32. Bxd4+ Rxd4 33. Ra1 Bb3 34. Bc6 Rd1+ 35. Rxd1 Bxd1 36. Kf2 Kg7 37. Ke1 Bb3 0-1

[Event "Paracin Winter op"]
[Site "Paracin"]
[Date "2019.02.03"]
[Round "6"]
[White "Sahin, Doga Boran"]
[Black "Ivanov, Igor"]
[Result "1/2-1/2"]
[WhiteElo "2096"]
[BlackElo "1851"]
[PlyCount "71"]
[EventDate "2019.01.31"]
[EventType "swiss"]
[EventRounds "9"]
[EventCountry "SRB"]
[SourceTitle "CBM 188 Extra"]
[Source "ChessBase"]
[SourceDate "2019.02.26"]
[SourceVersion "1"]
[SourceVersionDate "2019.02.26"]
[SourceQuality "1"]

1. e4 c6 2. c4 d5 3. cxd5 cxd5 4. exd5 Nf6 5. d4 Nxd5 6. Nc3 Nc6 7. Nf3 e6 8. Bd3 Be7 9. 0-0 0-0 10. Re1 Bf6 11. Be3 Bd7 12. Qd2 g6 13. Rad1 a6 14. Bb1 Nxc3 15. bxc3 Na5 16. Bh6 Re8 17. Bd3 Rc8 18. Ne5 Ba4 19. Rc1 Nc6 20. Qf4 Nxe5 21. dxe5 Bg7 22. Bxg7 Kxg7 23. Bxg6 hxg6 24. Qxa4 Re7 25. Rcd1 Qc7 26. Re3 Rd8 27. Rf1 Red7 28. Qf4 Rh8 29. c4 Qd8 30. g3 Rh5 31. Qe4 Qh8 32. Qg2 Qc8 33. Qe4 Qh8 34. Qg2 Qc8 35. g4 Rh8 36. Qf3 1/2-1/2

[Event "Pardubice Czech op-A 28th"]
[Site "Pardubice"]
[Date "2017.07.24"]
[Round "4"]
[White "Rakesh, Kumar Jena"]
[Black "Ivanov, Igor"]
[Result "1-0"]
[WhiteElo "2283"]
[BlackElo "2040"]
[PlyCount "77"]
[EventDate "2017.07.21"]
[EventType "swiss"]
[EventRounds "9"]
[EventCountry "CZE"]
[SourceTitle "CBM 179 Extra"]
[Source "ChessBase"]
[SourceDate "2017.08.23"]
[SourceVersion "1"]
[SourceVersionDate "2017.08.23"]
[SourceQuality "1"]

1. e4 e5 2. Bc4 Nf6 3. d3 Nc6 4. Nf3 Bc5 5. 0-0 d6 6. c3 0-0 7. a4 a5 8. Bg5 h6 9. Bh4 g5 10. Bg3 Bb6 11. Nbd2 Qe8 12. d4 Bg4 13. Re1 Rd8 14. h4 Nh5 15. Bh2 gxh4 16. Be2 Qe7 17. d5 Nb8 18. Nxe5 Bxe2 19. Qxe2 Ng3 20. Qg4+ Qg5 21. Ndf3 Qxg4 22. Nxg4 h5 23. Nf6+ Kg7 24. Bxg3 hxg3 25. Nxh5+ Kh8 26. Nxg3 f6 27. Nf5 Nd7 28. g3 Rde8 29. b4 Rf7 30. Kg2 Rh7 31. Rab1 axb4 32. cxb4 Kg8 33. Rbc1 Ne5 34. Nxe5 Rxe5 35. f4 Re8 36. Rc4 Rh5 37. a5 Rxf5 38. axb6 cxb6 39. Rh1 1-0

[Event "Paracin Summer op-B 10th"]
[Site "Paracin"]
[Date "2017.07.14"]
[Round "9"]
[White "Ivanov, Igor"]
[Black "Kodikara, KKM Sachintha"]
[Result "1-0"]
[WhiteElo "1833"]
[BlackElo "1631"]
[PlyCount "121"]
[EventDate "2017.07.07"]
[EventType "swiss"]
[EventRounds "9"]
[EventCountry "SRB"]
[SourceTitle "EXT 2020"]
[Source "ChessBase"]
[SourceDate "2019.10.17"]
[SourceVersion "1"]
[SourceVersionDate "2019.10.17"]
[SourceQuality "1"]

1. c4 Nf6 2. Nf3 e6 3. g3 b6 4. Bg2 Bb7 5. 0-0 Be7 6. Nc3 d5 7. d4 0-0 8. cxd5 exd5 9. Ne5 Nbd7 10. Qa4 Nxe5 11. dxe5 Ne8 12. Rd1 c6 13. e4 b5 14. Qb3 d4 15. Ne2 c5 16. Qxb5 Qc8 17. Nf4 Nc7 18. Qa4 Rd8 19. Bd2 Re8 20. Rac1 Ba6 21. Nd5 Bb5 22. Qa5 Nxd5 23. exd5 Rb8 24. d6 Bd8 25. Qxa7 Bb6 26. Qa3 Qd7 27. Ba5 Rxe5 28. Bxb6 Rxb6 29. Rxc5 Rxc5 30. Qxc5 Rxd6 31. Bf1 Bc6 32. b4 g6 33. b5 Ba8 34. Bg2 Bxg2 35. Kxg2 Qb7+ 36. Kg1 Rd5 37. Qc4 Qxb5 38. Qxb5 Rxb5 39. Rxd4 Ra5 40. a4 Kg7 41. h4 h6 42. Kg2 g5 43. Kh3 Kg6 44. g4 gxh4 45. Kxh4 h5 46. f4 hxg4 47. Kxg4 Ra6 48. Rb4 Ra5 49. Kf3 Ra7 50. Ke4 f6 51. Kd5 Kf5 52. Kc6 Ke6 53. Kb6 Ra8 54. a5 Rb8+ 55. Kc5 Rc8+ 56. Kd4 Rd8+ 57. Ke4 f5+ 58. Ke3 Ra8 59. Rb6+ Kd7 60. a6 Kc7 61. Rf6 1-0

[Event "Primorsko op"]
[Site "Primorsko"]
[Date "2016.09.24"]
[Round "8"]
[White "Gochev, Mladen"]
[Black "Ivanov, Igor"]
[Result "1-0"]
[WhiteElo "2207"]
[BlackElo "1838"]
[PlyCount "47"]
[EventDate "2016.09.18"]
[EventType "swiss"]
[EventRounds "9"]
[EventCountry "BUL"]
[SourceTitle "CBM 174 Extra"]
[Source "ChessBase"]
[SourceDate "2016.10.10"]
[SourceVersion "1"]
[SourceVersionDate "2016.10.10"]
[SourceQuality "1"]

1. e4 c6 2. d4 d5 3. e5 Bf5 4. Nf3 e6 5. a3 c5 6. c4 Nc6 7. cxd5 Qxd5 8. Nc3 Qd7 9. Be3 cxd4 10. Nxd4 Nxd4 11. Qxd4 Qxd4 12. Bxd4 a6 13. g4 Bxg4 14. Bg2 Rd8 15. Be3 Rd7 16. Ne4 Be7 17. Rc1 f5 18. Rc8+ Rd8 19. Rxd8+ Kxd8 20. Nc5 Bxc5 21. Bxc5 Kc8 22. Bf8 h6 23. Kd2 Nf6 24. Rc1+ 1-0

[Event "Sofia MGU op 170th"]
[Site "Sofia"]
[Date "2016.08.07"]
[Round "5"]
[White "Mladenov, Andrey"]
[Black "Ivanov, Igor"]
[Result "1-0"]
[WhiteElo "1615"]
[BlackElo "1842"]
[PlyCount "59"]
[EventDate "2016.08.06"]
[EventType "swiss"]
[EventRounds "6"]
[EventCountry "BUL"]
[SourceTitle "CBM 173 Extra"]
[Source "ChessBase"]
[SourceDate "2016.08.29"]
[SourceVersion "1"]
[SourceVersionDate "2016.08.29"]
[SourceQuality "1"]

1. e4 c6 2. d4 d5 3. Nc3 dxe4 4. Nxe4 Bf5 5. Ng3 Bg6 6. h4 h6 7. h5 Bh7 8. Nf3 Nd7 9. Bd3 Bxd3 10. Qxd3 e6 11. Bd2 Ngf6 12. 0-0-0 Qc7 13. Ne4 Nxe4 14. Qxe4 Nf6 15. Qe2 0-0-0 16. c4 Bd6 17. g3 Qe7 18. Kb1 Kb8 19. Bc3 Bb4 20. Bxb4 Qxb4 21. Ne5 Qe7 22. f4 Ka8 23. g4 Rd6 24. g5 Nd7 25. g6 Nxe5 26. fxe5 Rd7 27. gxf7 Rf8 28. Rhf1 Qh4 29. d5 Qe7 30. d6 1-0

[Event "Vladivostok Meridian op rap"]
[Site "Vladivostok"]
[Date "2015.07.19"]
[Round "4"]
[White "Keosidi, Konstantin"]
[Black "Ivanov, Igor"]
[Result "1-0"]
[WhiteElo "2401"]
[BlackElo "2174"]
[PlyCount "109"]
[EventDate "2015.07.18"]
[EventType "swiss (rapid)"]
[EventRounds "11"]
[EventCountry "RUS"]
[SourceTitle "EXT 2016"]
[Source "ChessBase"]
[SourceDate "2015.10.08"]
[SourceVersion "1"]
[SourceVersionDate "2015.10.08"]
[SourceQuality "1"]

1. e4 e5 2. Nf3 Nc6 3. Nc3 Be7 4. g3 Nf6 5. Bg2 0-0 6. d4 d6 7. h3 Bd7 8. 0-0 Re8 9. Be3 exd4 10. Nxd4 Ne5 11. b3 c6 12. g4 h6 13. Nf5 Bxf5 14. gxf5 Qa5 15. Qd2 Rad8 16. Rad1 Ned7 17. Nd5 Qxd2 18. Nxe7+ Rxe7 19. Rxd2 Nb6 20. f3 Rde8 21. Rxd6 Nc8 22. Rd2 Nd5 23. Bf2 Nc3 24. Bc5 Rc7 25. a3 b6 26. Bd4 Nb5 27. Bb2 Rce7 28. Rfd1 f6 29. Bf1 Nc7 30. a4 a5 31. Kf2 Kh7 32. Rd7 Rxd7 33. Rxd7 Re7 34. Rd1 Na7 35. Bd4 c5 36. Be3 Nc6 37. Rd6 Nb4 38. Rxb6 Nxc2 39. Bxc5 Rd7 40. Rd6 Rxd6 41. Bxd6 Ne8 42. Bc5 g6 43. fxg6+ Kxg6 44. Bd3 Nb4 45. Bxb4 axb4 46. a5 Nd6 47. a6 Nc8 48. e5+ Kf7 49. Bc4+ Ke7 50. exf6+ Kxf6 51. Ke3 Ke5 52. f4+ Kd6 53. Kd4 Na7 54. f5 Nc6+ 55. Ke4 1-0

[Event "Sunny Beach op-C 13th"]
[Site "Sunny Beach"]
[Date "2014.09.10"]
[Round "5"]
[White "Lausman, Petr"]
[Black "Ivanov, Igor"]
[Result "1/2-1/2"]
[WhiteElo "1981"]
[BlackElo "1799"]
[PlyCount "67"]
[EventDate "2014.09.06"]
[EventType "swiss"]
[EventRounds "9"]
[EventCountry "BUL"]
[SourceTitle "CBM 162 Extra"]
[Source "ChessBase"]
[SourceDate "2014.10.17"]
[SourceVersion "1"]
[SourceVersionDate "2014.10.17"]
[SourceQuality "1"]

1. e4 c6 2. d4 d5 3. e5 Bf5 4. f4 e6 5. Nf3 c5 6. c3 Nc6 7. Be2 cxd4 8. cxd4 Qb6 9. 0-0 Be7 10. Nc3 h5 11. Na4 Qc7 12. Be3 Nh6 13. h3 0-0 14. Rc1 Rac8 15. Nh2 h4 16. Ng4 Kh7 17. Bd3 Bxd3 18. Qxd3+ Nf5 19. Nc3 Qb6 20. Nxd5 Qxb2 21. Rf2 Qa3 22. Qb1 Ncxd4 23. Rxc8 Rxc8 24. Nxe7 Qxe7 25. Bxd4 Kg8 26. Be3 Qa3 27. Bd2 Ng3 28. Ne3 Qc5 29. Qxb7 Rd8 30. Qb4 Qc6 31. Be1 Qc1 32. Qc3 Qxc3 33. Bxc3 Rd3 34. Rc2 1/2-1/2

[Event "Sunny Beach op-C 13th"]
[Site "Sunny Beach"]
[Date "2014.09.09"]
[Round "4"]
[White "Ivanov, Igor"]
[Black "Malay, Sergey"]
[Result "1/2-1/2"]
[WhiteElo "1799"]
[BlackElo "1986"]
[PlyCount "39"]
[EventDate "2014.09.06"]
[EventType "swiss"]
[EventRounds "9"]
[EventCountry "BUL"]
[SourceTitle "CBM 162 Extra"]
[Source "ChessBase"]
[SourceDate "2014.10.17"]
[SourceVersion "1"]
[SourceVersionDate "2014.10.17"]
[SourceQuality "1"]

1. c4 f5 2. g3 g6 3. Bg2 Bg7 4. d4 Nf6 5. Nf3 0-0 6. 0-0 d6 7. Nc3 Qe8 8. d5 a5 9. Nd4 Na6 10. e4 fxe4 11. Nxe4 Nxe4 12. Bxe4 Nc5 13. Bg2 Bd7 14. Be3 c6 15. Qd2 e6 16. Nb3 Nxb3 17. axb3 exd5 18. cxd5 c5 19. Rxa5 b6 20. Ra3 1/2-1/2

[Event "Teteven op 29th"]
[Site "Teteven"]
[Date "2014.08.14"]
[Round "6"]
[White "Ivanov, Igor"]
[Black "Ljangov, Petar"]
[Result "1/2-1/2"]
[WhiteElo "1750"]
[BlackElo "2026"]
[PlyCount "119"]
[EventDate "2014.08.09"]
[EventType "swiss"]
[EventRounds "9"]
[EventCountry "BUL"]
[SourceTitle "CBM 162 Extra"]
[Source "ChessBase"]
[SourceDate "2014.10.17"]
[SourceVersion "1"]
[SourceVersionDate "2014.10.17"]
[SourceQuality "1"]

1. c4 e6 2. g3 d5 3. Bg2 Nf6 4. Nf3 Be7 5. 0-0 0-0 6. d4 c6 7. b3 Nbd7 8. Bb2 b6 9. Nbd2 Bb7 10. Qc2 c5 11. Rfd1 cxd4 12. Nxd4 Qc8 13. Rac1 dxc4 14. Qxc4 Bxg2 15. Qxc8 Rfxc8 16. Kxg2 Kf8 17. Rxc8+ Rxc8 18. Rc1 Rxc1 19. Bxc1 Bc5 20. Nc6 b5 21. Bb2 a6 22. h3 Bd6 23. e4 Bc5 24. f4 Be3 25. Nf1 Bc5 26. Kf3 Ne8 27. g4 Nd6 28. Ng3 f6 29. e5 fxe5 30. Nxe5 Nxe5+ 31. Bxe5 Nf7 32. Ke4 g6 33. Ne2 Ke7 34. Nc1 Kd7 35. Nd3 Be7 36. Bb8 Kc8 37. Be5 Kd7 38. Bb8 Bf8 39. Ne5+ Nxe5 40. Bxe5 Ba3 41. Bd4 Bd6 42. Bc3 Bc7 43. Bb4 Kc6 44. Be7 Kd7 45. Bb4 Bd8 46. Ke5 Bc7+ 47. Ke4 Bb8 48. Bc5 Ke8 49. Bb4 Kf7 50. Bc5 Bc7 51. Bb4 Ke8 52. Bc5 Kd7 53. Bb4 Kc6 54. Be7 Kd7 55. Bc5 Ke8 56. Bb4 Kf7 57. Bc5 Bb8 58. Bb4 Ba7 59. Bd6 Bb6 60. Bb4 1/2-1/2

[Event "Blagoevgrad op"]
[Site "Blagoevgrad"]
[Date "2013.10.02"]
[Round "7"]
[White "Galunov, Giorgi"]
[Black "Ivanov, Igor"]
[Result "1-0"]
[WhiteElo "1863"]
[BlackElo "1744"]
[PlyCount "67"]
[EventDate "2013.09.28"]
[EventType "swiss"]
[EventRounds "9"]
[EventCountry "BUL"]
[SourceTitle "CBM 156 Extra"]
[Source "ChessBase"]
[SourceDate "2013.10.22"]
[SourceVersion "1"]
[SourceVersionDate "2013.10.22"]
[SourceQuality "1"]

1. e4 c6 2. d4 d5 3. Nc3 dxe4 4. Nxe4 Bf5 5. Ng3 Bg6 6. N1e2 e6 7. Nf4 Bd6 8. Bc4 Nf6 9. c3 Qc7 10. Qf3 Nbd7 11. 0-0 0-0-0 12. b4 Nd5 13. Nxd5 exd5 14. Be2 b5 15. a4 a6 16. axb5 axb5 17. Be3 Kb7 18. Bxb5 Ra8 19. Be2 Nf6 20. h3 Ne4 21. Nxe4 dxe4 22. Qg4 f5 23. Qg5 f4 24. Bd2 Rhf8 25. b5 Rf5 26. bxc6+ Qxc6 27. Qh4 Kc7 28. Bg4 Rfa5 29. Rxa5 Rxa5 30. Be6 f3 31. d5 Qc4 32. gxf3 Qe2 33. Bf4 Qxf3 34. Qe7+ 1-0

[Event "Blagoevgrad op"]
[Site "Blagoevgrad"]
[Date "2013.10.01"]
[Round "6"]
[White "Ivanov, Igor"]
[Black "Charpidou, Anna"]
[Result "1-0"]
[WhiteElo "1744"]
[BlackElo "1663"]
[PlyCount "41"]
[EventDate "2013.09.28"]
[EventType "swiss"]
[EventRounds "9"]
[EventCountry "BUL"]
[SourceTitle "CBM 156 Extra"]
[Source "ChessBase"]
[SourceDate "2013.10.22"]
[SourceVersion "1"]
[SourceVersionDate "2013.10.22"]
[SourceQuality "1"]

1. c4 g6 2. Nc3 Bg7 3. g3 Nc6 4. Bg2 Nh6 5. e3 0-0 6. Nge2 Rb8 7. d4 d6 8. 0-0 e5 9. d5 Na5 10. Qd3 c5 11. dxc6 bxc6 12. Rd1 Be6 13. b3 d5 14. cxd5 cxd5 15. Bxd5 Qf6 16. Bg2 e4 17. Qa6 Nxb3 18. axb3 Rxb3 19. Ra3 Ng4 20. Nxe4 Qe7 21. Rxb3 1-0

[Event "Blagoevgrad op"]
[Site "Blagoevgrad"]
[Date "2013.09.28"]
[Round "1"]
[White "Milchev, Miroslav"]
[Black "Ivanov, Igor"]
[Result "1/2-1/2"]
[WhiteElo "2173"]
[BlackElo "1744"]
[PlyCount "92"]
[EventDate "2013.09.28"]
[EventType "swiss"]
[EventRounds "9"]
[EventCountry "BUL"]
[SourceTitle "CBM 156 Extra"]
[Source "ChessBase"]
[SourceDate "2013.10.22"]
[SourceVersion "1"]
[SourceVersionDate "2013.10.22"]
[SourceQuality "1"]

1. e4 c6 2. d4 d5 3. Nd2 dxe4 4. Nxe4 Bf5 5. Ng3 Bg6 6. Bc4 e6 7. N1e2 Bd6 8. Nf4 Ne7 9. c3 Qc7 10. Qf3 Nd7 11. Be3 Nf6 12. Nfh5 Nxh5 13. Nxh5 Bxh5 14. Qxh5 Nd5 15. Bd2 0-0-0 16. 0-0-0 Bf4 17. g3 Bxd2+ 18. Rxd2 g6 19. Qf3 h5 20. h4 b5 21. Be2 Rd7 22. Rhd1 Nb6 23. Qe4 Qd6 24. Qe5 Qxe5 25. dxe5 Rhd8 26. Rxd7 Rxd7 27. Rxd7 Nxd7 28. f4 Nb6 29. Kd2 a5 30. Ke3 Kc7 31. Kd4 Na4 32. b3 c5+ 33. Kd3 Nb6 34. Kd2 b4 35. Bb5 Kd8 36. cxb4 axb4 37. Kd3 Ke7 38. Ke4 Nd5 39. Kd3 Nb6 40. Bc6 f5 41. exf6+ Kxf6 42. Be4 Kg7 43. Bg2 Kf7 44. Bh3 Ke7 45. Ke4 Kf6 46. Kd3 Ke7 1/2-1/2

[Event "Teberda op 07"]
[Site "Teberda"]
[Date "2013.07.15"]
[Round "7"]
[White "Ivanov, Igor"]
[Black "Dogariu, Konstantin"]
[Result "0-1"]
[WhiteElo "1601"]
[BlackElo "1781"]
[PlyCount "56"]
[EventDate "2013.07.09"]
[EventType "swiss"]
[EventRounds "9"]
[EventCountry "RUS"]
[SourceTitle "EXT 2014"]
[Source "ChessBase"]
[SourceDate "2013.11.20"]
[SourceVersion "1"]
[SourceVersionDate "2013.11.20"]
[SourceQuality "1"]

1. e4 c5 2. Nf3 e6 3. Nc3 Nc6 4. d4 cxd4 5. Nxd4 Nf6 6. Nxc6 bxc6 7. Bg5 Bb4 8. Bd3 Qa5 9. Bxf6 gxf6 10. Qd2 d5 11. exd5 cxd5 12. Bb5+ Ke7 13. 0-0 Bxc3 14. Qxc3 Qxb5 15. a4 Qc4 16. Qg3 Bd7 17. Qa3+ Ke8 18. Qf3 f5 19. b3 Qc6 20. Qg3 Rc8 21. Rac1 Qc7 22. Qg5 h6 23. Qf6 Qc3 24. Qh4 f6 25. Rfe1 Ke7 26. Re3 Qd2 27. Rce1 Rxc2 28. Qf4 e5 0-1

[Event "Yufo U18"]
[Site "Astrakhan"]
[Date "2012.11.01"]
[Round "6"]
[White "Kondrashov, Kirill"]
[Black "Ivanov, Igor"]
[Result "1-0"]
[WhiteElo "1925"]
[BlackElo "2174"]
[PlyCount "107"]
[EventDate "2012.10.27"]
[EventType "swiss"]
[EventRounds "9"]
[EventCountry "RUS"]
[SourceTitle "EXT 2022"]
[Source "ChessBase"]
[SourceDate "2021.10.06"]
[SourceVersion "1"]
[SourceVersionDate "2021.10.06"]
[SourceQuality "1"]

1. e4 e5 2. Nc3 Nc6 3. Bc4 Nf6 4. d3 Bb4 5. Nge2 d6 6. 0-0 Bg4 7. f3 Be6 8. Be3 d5 9. exd5 Nxd5 10. Bxd5 Bxd5 11. f4 Qd6 12. fxe5 Qxe5 13. Bf4 Bc5+ 14. Kh1 Qe6 15. Bxc7 Nd4 16. Nf4 Bxg2+ 17. Nxg2 Qc6 18. Be5 Rd8 19. Bxd4 Rxd4 20. Qf3 0-0 21. Qxc6 bxc6 22. Rf4 Rxf4 23. Nxf4 Bd4 24. Re1 h6 25. Re4 Bf6 26. Ra4 Rb8 27. Nd1 Re8 28. Re4 Be5 29. d4 Rd8 30. dxe5 Rxd1+ 31. Kg2 Rd2+ 32. Re2 Rd4 33. Kf3 g5 34. Nh5 Kh7 35. c3 Rh4 36. Ng3 Rf4+ 37. Kg2 Kg6 38. Re4 Rxe4 39. Nxe4 Kf5 40. Nd6+ Kxe5 41. Nxf7+ Kf6 42. Nxh6 Kg6 43. Ng4 Kf5 44. Kf3 a6 45. a4 Ke6 46. Ke4 Kd6 47. Kf5 Kc5 48. b3 a5 49. Kxg5 Kb6 50. h4 c5 51. c4 Kc6 52. h5 Kd7 53. h6 Ke7 54. h7 1-0